000 00494cam a2200181ua 4500
001 5223
005 20260515113841.0
008 120303n ii |||gr||||Z||||||eng
020 _a81-207-0007-4
040 _cMAIN
100 1 _aPrasad, Hari Mohan,
_eEditor,
245 1 1 _aIndian oetry in english
_cby Hari Mohan Prasad
250 _a1st.
260 _aNew Delhi:
_bSterling publishers pvt. ltd.,
_c2001.
300 _a114p:
_c23cm.
700 1 _aSingh, Chakradhar Prasad,
_eEditor,
942 _cBK
999 _c4401
_d4401